University Home | Library Home | Institutional Repository

Cases and materials on the law of insurance / (Record no. 65856)

MARC details
000 -LEADER
fixed length control field 00991cam8a220026500 4500
001 - CONTROL NUMBER
control field qce01768431
005 - DATE AND TIME OF LATEST TRANSACTION
control field 20190815103434.0
008 - FIXED-LENGTH DATA ELEMENTS--GENERAL INFORMATION
fixed length control field 760609s1961 nyu 001 0 eng u
035 ## - SYSTEM CONTROL NUMBER
System control number (Sirsi) r76860
035 ## - SYSTEM CONTROL NUMBER
System control number (QCAT)lss01274164
035 ## - SYSTEM CONTROL NUMBER
System control number (UPRA)qce01768431
040 ## - CATALOGING SOURCE
Modifying agency UPRA
100 1# - MAIN ENTRY--PERSONAL NAME
Personal name Patterson, Edwin Wilhite, 1889-1965.
Dates associated with a name Patterson, Edwin Wilhite, 1889-1965.
Linkage A36830.1
245 10 - TITLE STATEMENT
Title Cases and materials on the law of insurance /
Statement of responsibility, etc. by Edwin W. Patterson and William F. Young.
250 ## - EDITION STATEMENT
Edition statement 4th ed.
260 ## - PUBLICATION, DISTRIBUTION, ETC.
Place of publication, distribution, etc. Brooklyn :
Name of publisher, distributor, etc. Foundation Press,
Date of publication, distribution, etc. 1961.
490 0# - SERIES STATEMENT
Series statement University casebook series
Linkage S2484.1
500 ## - GENERAL NOTE
General note First published in 1932 under the title: Cases and other materials on the law of insurance.
504 ## - BIBLIOGRAPHY, ETC. NOTE
Bibliography, etc. note Bibliographical footnotes.
650 #0 - SUBJECT ADDED ENTRY--TOPICAL TERM
Topical term or geographic name entry element Insurance law.
Linkage S421.1
700 1# - ADDED ENTRY--PERSONAL NAME
Personal name Young, William F.
Linkage A36831.1
740 0# - ADDED ENTRY--UNCONTROLLED RELATED/ANALYTICAL TITLE
Uncontrolled related/analytical title Cases and materials on insurance.
949 ## - LOCAL PROCESSING INFORMATION (OCLC)
a KB140
w lcc
i 33729001713218
m MAIN
p 2500
t BOOK
l ON-SHELF

No items available.

© 2026 - The University of Zambia Library - Koha v25.11